Music Quiz

Random Music or Spanish Quiz

3-Word Songs: Synonym'd, Scrambled & Spanished Quiz Stats

Quiz Updated Sep 9, 2016

Challenge
Share
Tweet
Embed
Score 0/20 Timer 07:00
2 Plays Today
Synonym/Scrambled/Spanish 3-Word Song Title % Correct
Ignite Ym FuegoLight My Fire
94.5%
Cash Fro NadaMoney For Nothing
94%
Freeway Ot InfiernoHighway To Hell
93%
Insane No TúCrazy On You
88%
Steamy Rof ProfesoraHot for Teacher
86.6%
Ebony Leho SolBlack Hole Sun
86.3%
Arachnids dna SerpientesSpiders and Snakes
83.7%
Birthed Ot CorrerBorn To Run
83%
Phone Em QuizásCall Me Maybe
82.5%
Messy Tetill SecretoDirty Little Secret
82.1%
Synonym/Scrambled/Spanish 3-Word Song Title % Correct
Aches Os BienHurts So Good
81.8%
Chilly Sa HieloCold As Ice
79.8%
Farewell Yeb AmorBye Bye Love
76.7%
Gleaming Paphy PersonasShiny Happy People
65%
Avenue Gnighift HombreStreet Fighting Man
63.4%
Kitty Chartsc FiebreCat Scratch Fever
60.6%
Ditty Guns AzulSong Sung Blue
57%
Goofy Vole CancionesSilly Love Songs
53.2%
Twirl, Runt, GirarTurn, Turn, Turn
42.3%
Passion Orf VidaLust For Life
38.9%

You're not logged in!

Compare scores with friends on all Sporcle quizzes.
Join for Free
OR
Log In

You Might Also Like...

Show Comments

Extras

Top Quizzes Today


Score Distribution

Your Account Isn't Verified!

In order to create a playlist on Sporcle, you need to verify the email address you used during registration. Go to your Sporcle Settings to finish the process.

Report this User

Report this user for behavior that violates our Community Guidelines.

Details: